00912nam a2200217 a 450000100100000000500170001000800410002702000180006804000250008608200150011110000270012624500750015326000400022830000280026850000620029650000610035870000380041971001070045795201130056499900170067700004495620201002045747.0150122s2012 dr a 000 0 spa d a9789945131536 aDO-SdBNPbspacBNPHU axxxxbxxxx1 aDonescar, Louis97297210aGlosario servir /cLouis Donescar ; ilustración Domingo A. Guzmán. aSanto Domingo :bFUNBINAFIN,c2012. a154 p. :bil. ;c28 cm. aLa biblioteca posee 1 ejemplar autografiado por el autor. aNotas: Texto en Kreyol, Español, Francés e Inglés.12aGuzmán, Domingo A.,eil.97297322aFundación Binacional de Ayuda a la Familia y la Infancia (FUNBINAFIN), República Dominicana972974 0010718PDaPDbPDcHDd2015-01-22iLF1l0oxxxx xxxxp44956-10r2020-06-25w2020-06-25yLFPDZNo se presta c44445d44445